000 01077cam a2200253 i 4500
003 SA-RiAUC
005 20260123134010.0
008 260108q19001999ua g 000 0 ara c
040 _aSA-JeALM
_bara
_cSA-RiAUC
_erda
082 0 4 _a415.5
090 _aم ن 415.5
_bد ي ك
100 1 _aالديكفوزي، عبد الله، ت. ق. 10 هـ.
_eمؤلف.
245 1 0 _aمتن البناء ؛ ومتن التصريف العزي /
_c أبو الفضائل إبراهيم بن عبد الوهاب الزنجاني.
264 1 _aالقاهرة :
_bمحمد علي صبيح
_c[بين 1900 و1999]
300 _a35 صفحة؛
_c29 سم.
336 _aنص
_btxt
_2rdacontent
_3كتاب
337 _aبدون وسيط
_bn
_2rdamedia
338 _aمجلد
_bnc
_2rdacarrier
650 7 _aاللغة العربية
_xصرف
_2aucsh
700 1 2 _aالزنجاني، عبد الوهاب بن إبراهيم بن عبد الوهاب،
_dتوفي 655 هجري
740 2 2 _aالتصريف العزي.
942 _2ddc
_cRBOOK COPY
_n0
949 _aSA-JeALM
_d260108
_umohamedma123
_n1
999 _c14136
_d14136